000 00452nam a22001697a 4500
003 BD-ChCU
005 20260224103933.0
008 260224b bg ||||| |||| 00| 0 ben d
040 _cBD-ChCU
082 _a353.6 TAU
100 _aTate , Merze .
_920540
245 _aThe United States and armaments./
_cMerze, Tate .
260 _aCambridge :
_bH.U.P.
_cC 1948
300 _axii , 312p.
650 0 _aU.S. - History .
_920541
942 _2ddc
_cBK
_n0
999 _c111722
_d111722